Catálogo
 En Linea

Corona al líder destronando a la víctima / (Registro nro. 49513)

Detalles MARC
000 -CABECERA
campo de control de longitud fija 00837nam a22002537a 4500
003 - IDENTIFICADOR DEL NÚMERO DE CONTROL
campo de control DO-SdBNP
005 - FECHA Y HORA DE LA ÚLTIMA TRANSACCIÓN
campo de control 20250606135544.0
007 - CAMPO FIJO DE DESCRIPCIÓN FÍSICA--INFORMACIÓN GENERAL
campo de control de longitud fija ta
008 - DATOS DE LONGITUD FIJA--INFORMACIÓN GENERAL
campo de control de longitud fija 210309b ||||| |||| 00| 0 spa d
020 ## - NÚMERO INTERNACIONAL ESTÁNDAR DEL LIBRO
Número Internacional Estándar del Libro 9789945096569
040 ## - FUENTE DE LA CATALOGACIÓN
Centro catalogador/agencia de origen DO-SdBNP
Lengua de catalogación spa
Centro/agencia transcriptor BNPHU
Normas de descripción rda
082 #4 - NÚMERO DE LA CLASIFICACIÓN DECIMAL DEWEY
Número de clasificación 158.1
Número de documento/Ítem S944c
Número de edición 22
100 10 - ENTRADA PRINCIPAL--NOMBRE DE PERSONA
Nombre de persona Suero, Heraldo
9 (RLIN) 78033
245 10 - MENCIÓN DE TÍTULO
Título Corona al líder destronando a la víctima /
Mención de responsabilidad, etc. Heraldo Suero ; ilustraciones Yocelín Ramírez
260 ## - PUBLICACIÓN, DISTRIBUCIÓN, ETC.
Lugar de publicación, distribución, etc. Santo Domingo :
Nombre del editor, distribuidor, etc. Búho,
Fecha de publicación, distribución, etc. 2020
300 ## - DESCRIPCIÓN FÍSICA
Extensión 224 p. :
Otras características físicas il. ;
Dimensiones 21 cm
590 ## - NOTA LOCAL (RLIN)
Nota local Inventariado, 2021 / DG
650 #4 - PUNTO DE ACCESO ADICIONAL DE MATERIA--TÉRMINO DE MATERIA
Término de materia o nombre geográfico como elemento de entrada Técnicas de autoayuda
9 (RLIN) 387
650 #0 - PUNTO DE ACCESO ADICIONAL DE MATERIA--TÉRMINO DE MATERIA
Término de materia o nombre geográfico como elemento de entrada Autorrealización (Psicología)
9 (RLIN) 211
700 ## - PUNTO DE ACCESO ADICIONAL--NOMBRE DE PERSONA
Nombre de persona Ramìrez, Yocelìn
Término indicativo de función/relación Ilustraciones
9 (RLIN) 78034
700 ## - PUNTO DE ACCESO ADICIONAL--NOMBRE DE PERSONA
Nombre de persona Espinal
9 (RLIN) 78035
910 ## - DATOS DE OPCIÓN DEL USUARIO (OCLC)
Datos de opción del usuario Inventariado, 2021 / DG/Validado. Control de calidad MFF
942 ## - ELEMENTOS DE PUNTO DE ACCESO ADICIONAL (KOHA)
Fuente del sistema de clasificación o colocación Dewey Decimal Classification
Tipo de ítem Koha Libro
Existencias
Estado de retiro Estado de pérdida Fuente del sistema de clasificación o colocación Restricciones de uso No para préstamo Código de colección Localización permanente Ubicación/localización actual Ubicación en estantería Fecha de adquisición Fuente de adquisición Total de préstamos Signatura topográfica completa Código de barras Fecha visto por última vez Precio válido a partir de Tipo de ítem Koha Número de copia
    Dewey Decimal Classification Préstamo en sala   Monografías: Libros y Folletos Biblioteca Nacional Pedro Henríquez Ureña General Depósito 27.01.2021 Deposito Legal   BNPHU DS 158.1 S944c 2021-0672 09.03.2021 09.03.2021 Libro e. 3
    Dewey Decimal Classification Préstamo en sala   Monografías: Libros y Folletos Biblioteca Nacional Pedro Henríquez Ureña General Depósito 26.03.2021 Donado por Editora Búho   BNPHU DS 158.1 S944c 2021-1511 20.04.2021 20.04.2021 Libro e.4
    Dewey Decimal Classification Préstamo en sala   Monografías: Libros y Folletos Biblioteca Nacional Pedro Henríquez Ureña General Depósito 26.03.2021 Donado por Editora Búho   BNPHU DS 158.1 S944c 2021-1512 20.04.2021 20.04.2021 Libro e.5
    Dewey Decimal Classification Excluido de préstamo Excluido de préstamo Monografías: Libros y Folletos Biblioteca Nacional Pedro Henríquez Ureña Patrimonio Dominicano Depósito 27.01.2021 Deposito Legal   BNPHU PD 158.1 S944c 2021-0670 09.03.2021 09.03.2021 Libro  
    Dewey Decimal Classification Excluido de préstamo Préstamo restrigido Monografías: Libros y Folletos Biblioteca Nacional Pedro Henríquez Ureña Patrimonio Dominicano Depósito 27.01.2021 Deposito Legal   BNPHU PD 158.1 S944c 2021-0671 09.03.2021 09.03.2021 Libro e. 2

Con tecnología Koha